The Economics of Project Analysis: (Record no. 3308)
[ view plain ]
| 000 -LEADER | |
|---|---|
| fixed length control field | 00979pam a2200289 a 4500 |
| 001 - CONTROL NUMBER | |
| control field | 580738 |
| 003 - CONTROL NUMBER IDENTIFIER | |
| control field | OSt |
| 005 - DATE AND TIME OF LATEST TRANSACTION | |
| control field | 20191118142730.0 |
| 008 - FIXED-LENGTH DATA ELEMENTS--GENERAL INFORMATION | |
| fixed length control field | 901116s1991 dcua b i000 0 eng |
| 010 ## - LIBRARY OF CONGRESS CONTROL NUMBER | |
| LC control number | 90025058 |
| 020 ## - INTERNATIONAL STANDARD BOOK NUMBER | |
| International Standard Book Number | 0821317512 |
| 040 ## - CATALOGING SOURCE | |
| Original cataloging agency | DLC |
| Transcribing agency | DLC |
| Modifying agency | DLC |
| 043 ## - GEOGRAPHIC AREA CODE | |
| Geographic area code | d------ |
| 050 00 - LIBRARY OF CONGRESS CALL NUMBER | |
| Classification number | HC59.72.E44 |
| Item number | W37 1991 |
| 082 00 - DEWEY DECIMAL CLASSIFICATION NUMBER | |
| Classification number | 338.9 |
| Edition number | 20 |
| Item number | WAR 1991 |
| 100 1# - MAIN ENTRY--PERSONAL NAME | |
| Personal name | Ward, William A.; Deren, Barry J., |
| Dates associated with a name | 1942- |
| 9 (RLIN) | 7416 |
| 245 14 - TITLE STATEMENT | |
| Title | The Economics of Project Analysis: |
| Remainder of title | a practitioner's guide |
| 260 ## - PUBLICATION, DISTRIBUTION, ETC. (IMPRINT) | |
| Place of publication, distribution, etc. | Washington; |
| Name of publisher, distributor, etc. | World Bank, |
| Date of publication, distribution, etc. | 1991. |
| 300 ## - PHYSICAL DESCRIPTION | |
| Extent | xi, 318 p. : |
| Other physical details | ill. ; |
| Dimensions | 28 cm. |
| 440 #0 - SERIES STATEMENT/ADDED ENTRY--TITLE | |
| Title | EDI technical materials |
| 9 (RLIN) | 7417 |
| 504 ## - BIBLIOGRAPHY, ETC. NOTE | |
| Bibliography, etc | Includes bibliographical references (p. 296-318). |
| 650 ## - SUBJECT ADDED ENTRY--TOPICAL TERM | |
| Topical term or geographic name as entry element | Project management |
| 9 (RLIN) | 5305 |
| 650 ## - SUBJECT ADDED ENTRY--TOPICAL TERM | |
| Topical term or geographic name as entry element | Economic analysis |
| 9 (RLIN) | 13057 |
| 906 ## - LOCAL DATA ELEMENT F, LDF (RLIN) | |
| a | 7 |
| b | cbc |
| c | orignew |
| d | 1 |
| e | ocip |
| f | 19 |
| g | y-gencatlg |
| 942 ## - ADDED ENTRY ELEMENTS (KOHA) | |
| Source of classification or shelving scheme | Dewey Decimal Classification |
| Koha item type | Short Loan |
| Withdrawn status | Lost status | Source of classification or shelving scheme | Damaged status | Not for loan | Home library | Current library | Date acquired | Inventory number | Total Checkouts | Full call number | Barcode | Date last seen | Price effective from | Koha item type | Source of acquisition |
|---|---|---|---|---|---|---|---|---|---|---|---|---|---|---|---|
| Dewey Decimal Classification | MUST Main Library | MUST Main Library | 23/03/2016 | 128 | 338.9 WAR 1991 | 2016-0508 | 23/03/2016 | 23/03/2016 | Short Loan | ||||||
| Dewey Decimal Classification | MUST Main Library | MUST Main Library | 27/06/2024 | 97/11343 | 338.9 WAR 1991 | 2024-21554 | 27/06/2024 | 27/06/2024 | Short Loan | Purchase | |||||
| Dewey Decimal Classification | MUST Main Library | MUST Main Library | 27/06/2024 | 97/11342 | 338.9 WAR 1991 | 2024-21556 | 27/06/2024 | 27/06/2024 | Open Shelf | Purchase |
